000 00666nam a22002177a 4500
003 UA-OsUOA
001 44325
007 ta
008 20101012b un ||||| |||| 00| 0 ukr d
090 _a050.9
_bК17
942 _cMG
040 _aUA-OsUOA
_bukr
_cUA-OsUOA
_dUA-OsUOA
245 _aКалендар Світла на Божий 1989 рік
300 _a192 с.
955 _a4
041 _aukr
080 _a050.9
260 _aТоронто
_c1989
650 7 _a050 Серійні публікації. Періодика галузі, Організація та інші типи поєднання (співробітництва)
_2UDC
999 _c424374
_d424374